Roku 1818ho dňe 11ho Novembra w držanem w Slobodnem a Králowsko-Banskem Meste Bistricy Slawných Stawu a Rádu Stolicy Zwolenske....

Bibliographic Details
Format: Book
Language:Slovak
PhysicalDescription:4 strany 2°
Subjects:

MARC

LEADER 00000nam a2200000 4500
001 vtls012278883
003 SK-MaSNL
005 20260301061135.0
008 250703s1818 xo 001 0 slo
015 |a SNBHFA 
040 |a SNKHF  |b slo  |c SNKHF  |e rda 
041 0 |a slo 
044 |a xo  |c SK 
072 7 |a 34  |x Právo  |2 konspekt 
080 |a 34  |2 2011 
080 |a 331.2  |2 2011 
130 0 |a Roku 1818ho  |9 373644 
245 1 0 |a Roku 1818ho dňe 11ho Novembra w držanem w Slobodnem a Králowsko-Banskem Meste Bistricy Slawných Stawu a Rádu Stolicy Zwolenske.... 
264 3 |a Zvolen  |b Meno tlačiara nie je známe  |c [1818] 
300 |a 4 strany  |c 2° 
336 |a text  |b txt  |2 rdacontent 
337 |a bez média  |b n  |2 rdamedia 
338 |a zväzok  |b nc  |2 rdacarrier 
546 |a Slovenčina  |b Fraktúra 
561 |a Na 1. strane pečatka: Knihoveň Matice slovenskej.  |5 SNK SA 92/24 
562 |a Mramorová papierová lepenková väzba s koženkovým nárožím a chrbtom.  |5 SNK SA 92/24 
650 0 7 |a právne predpisy  |2 SNKPH  |9 1155 
650 0 7 |a platy  |2 SNKPH  |9 30238 
752 |a Slovensko  |d Zvolen 
852 |a Slovenská národná knižnica  |p SNK SA 92/24 
958 |a DA DC DD 
999 |c 616896  |d 618826 
952 |t 1  |a SNK  |b SNK  |c SNK_KF  |y PREZ  |7 8  |p 17A0739731  |o snkSA 92/24  |i snk1787/30  |8 21  |0 0  |1 0  |2 udc  |4 0  |d 2025-07-03  |l 0  |r 2026-02-23 16:42:00  |w 2026-02-23